Responses for Show #4425 - Friday, November 28, 2003

Game data retrieved from an alternate archive.

Contestants

[<< previous game]

Philip Cramer, a business owner from Sherman Oaks, California

Celeste Walker, a graduate student from Washington, D.C.

Kathy Chappell, a writer from Burke, Virginia (whose 1-day cash winnings total $10,800)

[next game >>]

Jeopardy! Round responses

BEATLES LYRICS
PAPERBACK WRITER
TICKET TO RIDE
STRAWBERRY FIELDS FOREVER
THE LONG & WINDING ROAD
LET IT "B"
    $200 1
"Hello, Goodbye"

Kathy
    $200 6
Oprah Winfrey

Philip
    $200 22
Disneyland

Kathy
    $200 11
California

Kathy
    $200 17
an autobahn

Kathy
    $200 12
(Philip: What are bloomers?)

a brassiere

CelestePhilip
    $400 2
(Kathy: What is "All My Lovin'"?)

"From Me To You"

Kathy
Triple Stumper
    $400 7
Bill O'Reilly

Philip
    $400 23
London

Kathy
    $400 18
Louis XIV

Kathy
    $400 27
Abraham Lincoln

Triple Stumper
    $400 13
the Bermuda Triangle

Celeste
    $600 3
"The Fool On The Hill"

Kathy
    $600 8
Charlotte's Web

Philip
    $600 24
TKTS

Kathy
    $600 19
Strawberry Shortcake

Kathy
    $600 28
(Kathy: What is the Pacific?)

the Atlantic

KathyPhilip
    $600 14
the Barrymores

Kathy
    $800 4
"Here, There And Everywhere"

Triple Stumper
    $800 9
Mickey Spillane

Celeste
    $1,400 25
(Kathy: What is Denmark?)

Norway

Kathy
    $800 20
Venus

Kathy
    $800 29
(Philip: What is the Trans-American Highway?)

the Pan-American Highway

Philip
Triple Stumper
    $800 15
bickering

Triple Stumper
    $1000 5
"I Feel Fine"

Triple Stumper
    $1000 10
Elmore Leonard

Triple Stumper
    $1000 26
Calgary

Celeste
    $1000 21
the Romanovs

Kathy
    $1000 30
(Philip: What is the Trans-Canadian?)

the Trans-Canada

Philip
Triple Stumper
    $1000 16
brimstone

Philip

Scores at the first commercial break (after clue 16):

Kathy Celeste Philip
$1,200 $1,400 $2,000

Scores at the end of the Jeopardy! Round:

Kathy Celeste Philip
$3,400 $2,400 $800

Double Jeopardy! Round responses

"S"CIENCE
PRIME MIME
BRITISH ROYAL PAINS
WHERE YA FROM?
BETTER KNOWN AS...
LETTER-THING
    $400 9
a solar panel

Celeste
    $400 18
Marcel Marceau

Philip
    $400 4
a horse

Kathy
    $400 1
Etruscans

Philip
    $400 13
Billy the Kid

Kathy
    $400 20
D-Day

Kathy
    $800 10
(Celeste: What is color?)
(Philip: What is sunshine?)

the spectrum

CelestePhilip
Triple Stumper
    $800 19
(Celeste: What is on empty?)
(Kathy: What is to stand still?)

against the wind

KathyCeleste
Triple Stumper
    $800 5
adultery

Celeste
    $800 2
Arkansans

Triple Stumper
    $800 14
Gerald Ford

Kathy
    $800 21
a C-note

Kathy
    $800 25
(any 2 of) sodium, silicon & sulfur

Celeste
    $1200 28
Mummenschanz

Triple Stumper
    $1200 6
(Philip: What is ether?)

chloroform

Philip
Triple Stumper
    $1200 3
Del Martians

Kathy
    $1200 15
Pope John Paul II

Philip
    $1200 22
e-mail addresses

Kathy
    $1600 26
sine

Kathy
    $1600 29
Shakes the Clown

Triple Stumper
    $1600 7
Richard I

Kathy
    $2,000 11
(Celeste: What is the Upper Peninsula?)

Sault Ste. Marie

Celeste
    $1600 16
Irving Berlin

Philip
    $1600 23
A-frame

Celeste
    $2000 27
singularity

Triple Stumper
    $2000 30
Yarnell

Philip
    $2000 8
Charles I

Kathy
    $2000 12
a MadrileƱo

Triple Stumper
    $2000 17
John le Carre

Triple Stumper
    $2000 24
L-DOPA

Triple Stumper

Scores at the end of the Double Jeopardy! Round:

Kathy Celeste Philip
$13,000 $2,400 $4,400
(lock game)

[wagering suggestions for these scores]

Final Jeopardy! Round responses

TONY-WINNING MUSICALS
CelesteWhat are "Cats" & "Aida"?
$2,399
PhilipWhat is "Cats" ?
$500
KathyWhat are "Rent" & ?
$3,000
(2 of) Cats, Rent & Nine

Final scores:

Kathy Celeste Philip
$10,000 $1 $3,900
2-day champion: $20,800 3rd place: $1,000 2nd place: $2,000

Game dynamics:

Coryat scores:

Kathy Celeste Philip
$14,400 $4,800 $4,400
22 R,
4 W
(including 1 DD)
8 R
(including 1 DD),
3 W
(including 1 DD)
10 R,
5 W

Combined Coryat: $23,600

[game clues] [game scores] [suggest correction]

Game tape date: 2003-08-27
The J! Archive is created by fans, for fans. Scraping, republication, monetization, and malicious use prohibited; this site may use cookies and collect identifying information. See terms. The Jeopardy! game show and all elements thereof, including but not limited to copyright and trademark thereto, are the property of Jeopardy Productions, Inc. and are protected under law. This website is not affiliated with, sponsored by, or operated by Jeopardy Productions, Inc. Join the discussion at JBoard.tv.